| 000 | 00655 a2200193 4500 | ||
|---|---|---|---|
| 999 |
_c7639 _d7639 |
||
| 020 | _a9781412928328 (hbk.) | ||
| 050 | 0 | 0 | _aHQ784.M3 INT 2008 |
| 245 | 0 | 4 |
_aThe international handbook of children, media and culture / _cedited by Kirsten Drotner and Sonia Livingstone. |
| 264 |
_aLondon: _bSAGE, _c2008 |
||
| 300 |
_axxi, 537 p. : _bill. ; |
||
| 500 | _aIncludes index | ||
| 504 | _aIncludes bibliographical references and index. | ||
| 650 | 0 | _aMass media and children. | |
| 650 | 0 | _aMass media and youth. | |
| 650 | 0 |
_aMass media _xSocial aspects. |
|
| 700 | 1 | _aLivingstone, Sonia M. | |
| 700 | 1 | _aDrotner, Kirsten. | |
| 942 |
_2lcc _cBK _h784.M3 _iINT _kHQ |
||